000
00386nam a2200181Ia 4500
008
150909s9999 xx 000 0 und d
041
_a
English
082
_a
631.8
082
_b
ABE/OR
100
_a
Abe R K
100
_e
Editor
245
_a
Organic recycling in asia
260
_a
U S A
260
_b
FAO
260
_c
1978
650
_a
Soil conditioners
942
_c
BK
999
_c
234058
_d
234058